01146nam a2200229 a 450000100100000000500170001000800410002704000250006808200190009311000780011224000160019024501520020624600470035826000420040530000210044750001400046865000590060865000510066765000670071895201160078599900150090100000452020200929151442.0090723s2008 dr 001 0 spa d aDO-SdBNPbspacBNPHU a340.016bR426i1 aRepública DominicanabConsultoría Jurídica del Poder Ejecutivo948310aLeyes, etc.10aÍndice general de la legislación de la República Dominicana :baño 2007 (periodo del gobierno constitucional del Dr. Leonel Fernández) /.10aLegislación de la República Dominicana aSanto Domingo :bAlfa & Omega,c2008. a489 p. ;c22 cm. aEl suscrito, consultor jurídico del Poder Ejecutivo, certifica que la presente publicación es oficial (Dr. César R. Pina Toribio) 4aLegislaciónzRepública DominicanavÍNDICE913207 4aLeyeszRepública DominicanavÍNDICE913208 4aPromulgacion de leyeszRepública DominicanavÍNDICE913209 0010718PDaPDbPDcCTd2009-07-23iLF1l0o340.016 R426ip4520-10r2020-06-25w2020-06-25yLFPDZNo se presta c4329d4329